La littérature quodlibétique

Salvato in:
Dettagli Bibliografici
Autore principale: Glorieux, Palémon (Autore)
Natura: Libro
Lingua:francese
Pubblicazione: París J. Vrin 1935
Serie:Bibliothèque Thomiste, 21
Soggetti:
Tags: Aggiungi Tag
Nessun Tag, puoi essere il primo ad aggiungerne!!

MARC

LEADER 00000nam a2200000 a 4500
001 UCZ4839
003 CL-VaPUC
008 951110e19350000FR |||||||||||||||||fre|d
082 0 4 |a 189  |b GLO  |2 21 
100 |a Glorieux, Palémon  |e author  |9 348823 
245 1 3 |a La littérature quodlibétique 
300 |a v 
942 |c BK 
945 |d 19951110 00:00:00  |a lriquelm 
260 |a París  |b J. Vrin  |c 1935 
650 0 |a Filosofía medieval  |9 256245 
650 0 |a Teología   |9 258766 
650 0 |a Literatura medieval  |9 266338 
583 |a last modification  |c 20170531 12:15:19  |k Rodrigo Vera 
490 0 |a Bibliothèque Thomiste, 21 
999 |c 241202  |d 241200 
952 |0 0  |1 0  |4 0  |6 189_000000000000000_GLO_1935  |7 0  |8 P  |9 253392  |a BIBEDU  |b BIBEDU  |c BIBEDU_PB  |d 2019-11-19  |h v.2  |i 1572172  |o 189 GLO 1935  |p 1572172  |r 2024-01-25  |w 2019-11-19  |y BK  |k FIL